| 000 | 00848nam a22002775a 4500 | ||
|---|---|---|---|
| 001 | ssj0000473594 | ||
| 003 | OSt | ||
| 005 | 20160228114427.0 | ||
| 008 | 100520t2010 enka frbd 001 2 eng d | ||
| 020 | _a9780335237852 | ||
| 020 | _a0335237851 | ||
| 040 |
_aBIP US _dWaSeSS _beng _dEG-ScBUE |
||
| 082 | 0 | 4 |
_a070.02341 _222 _bSYN |
| 100 | 1 |
_aSynge, Dan. _939450 |
|
| 245 | 1 | 4 |
_aThe survival guide to journalism / _cDan Synge. |
| 260 |
_aBerkshire : _bMcGraw-Hill Publishing Company, _cc.2010. |
||
| 300 |
_avii, 152 p. : _bill. ; _c24 cm. |
||
| 500 | _aGlossary : p. 142-144. | ||
| 500 | _aIndex : p. 147-152. | ||
| 504 | _aBibliography : p. 145-146. | ||
| 650 | 7 |
_aJournalism _xVocational guidance. _2BUEsh _939451 |
|
| 650 | 7 |
_aJournalism _2BUEsh _936064 _zGreat Britain. |
|
| 651 | _2BUEsh | ||
| 653 |
_bCOMAME _cFebruary2016 |
||
| 942 | _2ddc | ||
| 999 |
_c21260 _d21232 |
||